Budúcnosť Európskej únie v kontexte realizácie energetickej politiky bakalárska práca

Gespeichert in:
Bibliographische Detailangaben
1. Verfasser: Darázs, Philip
Körperschaft: Fakulta medzinárodných vzťahov EU. Katedra medzinárodných ekonomických vzťahov a hospodárskej diplomacie
Weitere Verfasser: Lipková, Beata
Format: Buch
Sprache:Slowakisch
Veröffentlicht: Bratislava 2015
Tags: Tag hinzufügen
Keine Tags, Fügen Sie das erste Tag hinzu!

MARC

LEADER 00000nbm a2200000 4500
001 0202625
005 20161212100149.1
041 0 |a slo 
044 |a SK 
245 1 0 |a Budúcnosť Európskej únie v kontexte realizácie energetickej politiky  |b bakalárska práca  |c Philip Darázs ; školiteľ: Beata Lipková 
264 1 |a Bratislava  |c 2015 
300 |a 60 s. 
100 1 |a Darázs, Philip 
700 1 |a Lipková, Beata 
710 2 |a Fakulta medzinárodných vzťahov EU. Katedra medzinárodných ekonomických vzťahov a hospodárskej diplomacie